| 000 -LEADER |
| fixed length control field |
01181pab a2200145 454500 |
| 008 - FIXED-LENGTH DATA ELEMENTS--GENERAL INFORMATION |
| fixed length control field |
180718b xxu||||| |||| 00| 0 eng d |
| 100 ## - MAIN ENTRY--PERSONAL NAME |
| Personal name |
Frederickson H. George |
| 245 ## - TITLE STATEMENT |
| Title |
Can public officials correctly be said to have obligations to future generations? |
| 362 ## - DATES OF PUBLICATION AND/OR SEQUENTIAL DESIGNATION |
| Dates of publication and/or sequential designation |
54(5), Sep-Oct 1994, p.457-64 |
| 520 ## - SUMMARY, ETC. |
| Summary, etc. |
Can public officials correctly be said to have obligations to future generations? Issue of international fairness are all around us. Begining with the American Oath, the author reviews moral, philosophical, and empirical arguments about the obligations of public officials toward future generations. A review of philosophers, both ancient and contemporary, finds general agreeement that temporal generations have moral responsibilities towards both their children (near term future generations through time). Using the compound theory of social equity, the author finds many examle of intergene rational equity in making and implementing of public policy. Findily, he calls for a moral community in public administrati |
| 650 ## - SUBJECT ADDED ENTRY--TOPICAL TERM |
| Topical term or geographic name entry element |
Public Officers -- U.S.A. |
| 650 ## - SUBJECT ADDED ENTRY--TOPICAL TERM |
| Topical term or geographic name entry element |
Officials and Employees -- U.S.A. |
| 773 ## - HOST ITEM ENTRY |
| Main entry heading |
Public Administration Review |
| 909 ## - |
| -- |
27464 |